000 00585nam a2200205Ia 4500
005 20250508162813.0
008 008 250505s9999 xx 000 0 eng d
020 _a81-85316-29-5
037 _aTextual
040 _aFEDL
_beng
_cFEDL
041 _aeng
_2eng
084 _a371.335, PAS
_qFEDL
100 _aPassi B K
_9137893
245 0 _aEducational television
260 _aAgra, India
_bNational Psychological Corporation
_c1991
300 _a126p.
700 _a Goel D R Jaiswal Kiran
_9774083
942 _cTEXL
_h371.335, PAS
999 _c1378776
_d1378776